书目信息 |
| 题名: |
马云大传
|
|
| 作者: | 泓露·沛霖 主编 | |
| 分册: | ||
| 出版信息: | 北京 中国商业出版社 2015 |
|
| 页数: | 260页 | |
| 开本: | 24cm | |
| 丛书名: | ||
| 单 册: | ||
| 中图分类: | K825.38=76 | |
| 科图分类: | ||
| 主题词: | 企业家--传记--中国--现代 | |
| 电子资源: | ||
| ISBN: | 978-7-5044-9132-9 | |
| 000 | 00941nam0 2200241 45 | |
| 001 | 012001001542 | |
| 005 | 20140921103355.0 | |
| 010 | @a978-7-5044-9132-9@dCNY46.80 | |
| 100 | @a20160114d2015 em y0chiy50 ea | |
| 101 | 0 | @achi |
| 102 | @aCN@b110000 | |
| 105 | @ay z 000yb | |
| 106 | @ar | |
| 200 | 1 | @a马云大传@9ma yun da zhuan@b专著@f泓露·沛霖主编@FHong · Pei Lin Zhu Bian@PHPLZB |
| 210 | @a北京@c中国商业出版社@d2015 | |
| 215 | @a260页@d24cm | |
| 330 | @a本书讲述了马云如何从民营小个体户,成长为中国新首富?如何带领阿里巴巴成为国内市值最大的民营公司?如何创造了这么多奇迹?他又将如何在未来主导世界?本书将带读者一起重温他的创业之路,解读他的如戏人生,看他如何颠覆传统,看我们的世界如何随他而动。 | |
| 606 | 0 | @a企业家@x传记@y中国@z现代 |
| 610 | 0 | @a马云@f(1964-)@x传记 |
| 690 | @aK825.38=76@v5 | |
| 701 | 0 | @a泓露·沛霖@9hong lu · pei lin@4主编 |
| 801 | 0 | @aCN@b上海新华@c20180901 |
| 905 | @b1152017-21@dK825.38@e1148@f5 | |
| 马云大传/泓露·沛霖主编.-北京:中国商业出版社,2015 |
| 260页;24cm |
| ISBN 978-7-5044-9132-9:CNY46.80 |
| 本书讲述了马云如何从民营小个体户,成长为中国新首富?如何带领阿里巴巴成为国内市值最大的民营公司?如何创造了这么多奇迹?他又将如何在未来主导世界?本书将带读者一起重温他的创业之路,解读他的如戏人生,看他如何颠覆传统,看我们的世界如何随他而动。 |
| ● |
| 相关链接 |
|
|
|
|
正题名:马云大传
索取号:K825.38/1148
 
预约/预借
| 序号 | 登录号 | 条形码 | 馆藏地/架位号 | 状态 | 备注 |
| 1 | 1152017 | 211520175 | 第二样本阅览室/ [索取号:K825.38/1148] | 在馆 | |
| 2 | 1152018 | 211520184 | 密集书库-史法系/ [索取号:K825.38/1148] | 在馆 | |
| 3 | 1152019 | 211520193 | 第二借阅区/ [索取号:K825.38/1148] | 在馆 | |
| 4 | 1152020 | 211520200 | 第二借阅区/ [索取号:K825.38/1148] | 在馆 | |
| 5 | 1152021 | 211520219 | 第二借阅区/ [索取号:K825.38/1148] | 在馆 |